Statistics for Famous People from Iowa

Click here to take the quiz!

General Stats

  • This quiz has been taken 6,051 times
    (4,731 since last reset)
  • The average score is 6 of 14

Answer Stats

ClueHometownIowan% Correct
President when the Great Depression startedWest BranchHerbert Hoover
75%
Truly gritty actor known as "The Duke"WintersetJohn Wayne
73%
He starred as FrodoCedar RapidsElijah Wood
69%
Dude, where's his car?Cedar RapidsAshton Kutcher
65%
"American Gothic" painterCedar RapidsGrant Wood
62%
Star Fleet captainRiversideJames T. Kirk
57%
Roseanne's ex-husbandOttumwaTom Arnold
52%
Rams quarterback who was NFL MVP in 1999 and 2001Cedar RapidsKurt Warner
41%
"Moon River" singerWall LakeAndy Williams
33%
Newspaper advice columnist, birth name Eppie LedererSioux CityAnn Landers
33%
"It's a Wonderful Life" actress and ideal 1950s housewifeDenisonDonna Reed
32%
Cleveland Indians pitcher called "Bullet Bob" and "Rapid Robert"Van MeterBob Feller
25%
U.S. Vice President 1941-1945 who also pioneered hybrid cornOrientHenry A. Wallace
15%
"Green Revolution" scientist credited with saving hundreds
of millions from starvation
ProtivinNorman Borlaug
13%

Score Distribution

Percentile by Number Answered

Percent of People with Each Score

Your Score History

You have not taken this quiz since the last reset